Программирование на С и С++ для Windows 95: пер. с англ.

Podrobná bibliografie
Hlavní autor: Шилдт Г. Герберт
Další autoři: Яковлев В. (переводчик)
Shrnutí:Исключено из фонда НТБ ТПУ
Jazyk:ruština
Vydáno: Киев, BHV, 1996
Témata:
Médium: MixedMaterials Kniha
KOHA link:https://koha.lib.tpu.ru/cgi-bin/koha/opac-detail.pl?biblionumber=2062

MARC

LEADER 00000nam0a2200000 4500
001 2062
005 20260422103400.0
010 |a 5773300117 
035 |a (RuTPU)RU\TPU\book\2071 
035 |a BOOK00002073 
090 |a 2062 
100 |a 20011209d1996 m y0rusy50 ca 
101 1 |a rus  |c eng 
102 |a UA 
105 |a a j 000zy 
200 1 |a Программирование на С и С++ для Windows 95  |e пер. с англ.  |f Г. Шилдт  |g пер. В. Яковлев 
210 |a Киев  |c BHV  |d 1996 
215 |a 400 с.  |c ил. 
333 |a Исключено из фонда НТБ ТПУ 
610 1 |a персональные электронные вычислительные машины 
610 1 |a ПЭВМ 
610 1 |a персональные компьютеры 
610 1 |a программирование 
610 1 |a языки программирования 
610 1 |a C 
610 1 |a C++ 
610 1 |a Windows 95 
610 1 |a учебные пособия 
675 |a 681.3.06(07)  |v 3 
700 1 |a Шилдт  |b Г.  |g Герберт 
702 1 |a Яковлев  |b В.  |4 730 
801 0 |a RU  |b 63413507  |c 20011209  |g PSBO 
801 2 |a RU  |b 63413507  |c 20160120  |g PSBO 
942 |c BK